Alaskan Borough and Census Area High Points - Statistics

General Stats
  • This quiz has been taken 6 times
  • The average score is 19 of 30
Answer Stats
Picture Answer % Correct
Denali
100%
Bashful Peak
80%
Devils Paw
80%
Mount Fairweather
80%
Mount Igikpak
80%
Mount Isto
80%
Mount Marcus Baker
80%
Mount Saint Elias
80%
Shishaldin Volcano
80%
Castle Mountain
60%
Kates Needle
60%
Mount Bona
60%
Mount Denison
60%
Mount Hayes
60%
Mount Hesperus
60%
Mount Hunter
60%
Mount Neacola
60%
Mount Osborn
60%
Mount Torbert
60%
Peak 1061
60%
Peak 2905
60%
Peak 5250
60%
Peak 5390
60%
Peak 7858
60%
Peak 8239
60%
West Point
60%
Monument 15A
40%
Mount John Jay
40%
Mount Nesselrode
40%
Mount Vsevidof
40%
No matching quizzes found
Score Distribution
Percent of People with Each Score
Percentile by Number Answered
Your Score History
You have not taken this quiz